[Event "AE Magdeburg-Hamburger SK"]
[Site "Greifswald"]
[Date "2017.09.08"]
[Round "3.1"]
[White "Holinka, Henning"]
[Black "Roseneck, Jonas"]
[Result "0-1"]
[WhiteElo "2026"]
[BlackElo "2134"]
[PlyCount "100"]
[EventDate "2017.??.??"]
[WhiteTeam "Hamburger SK"]
[BlackTeam "AE Magdeburg"]

1. e4 c5 2. Nf3 d6 3. Bb5+ Nc6 4. O-O Bd7 5. Re1 a6 6. Bf1 Nf6 7. c3 Bg4 8. h3
Bxf3 9. Qxf3 g6 10. d3 Bg7 11. Nd2 O-O 12. g4 b5 13. Qg3 e5 14. f4 exf4 15.
Qxf4 Ne8 16. Nf3 Nc7 17. Be3 Ne6 18. Qh2 f5 19. exf5 gxf5 20. gxf5 Rxf5 21. Bg2
Ra7 22. Bd2 Ne5 23. Nxe5 Bxe5 24. Qh1 Rg7 25. Rf1 Bf4 26. Rf2 Qh4 27. Raf1 Bxd2
28. Rxd2 Nf4 29. Qh2 Nxh3+ 30. Kh1 Rxf1+ 31. Bxf1 Rg1+ 32. Qxg1+ Nxg1+ 33. Kxg1
Kf7 34. Rh2 Qg3+ 35. Rg2 Qe3+ 36. Kh1 Qf4 37. Kg1 Ke6 38. Re2+ Kd7 39. Bh3+ Kc6
40. Bg2+ Kb6 41. Re6 Qc1+ 42. Kh2 Qxb2 43. Rxd6+ Ka5 44. Kh3 Qxc3 45. Bb7 Kb4
46. Rxa6 Qxd3+ 47. Kh4 Qd8+ 48. Kh5 Qe8+ 49. Kh6 Qf8+ 50. Kxh7 Qf7+ 0-1

[Event "AE Magdeburg-Hamburger SK"]
[Site "Greifswald"]
[Date "2017.09.08"]
[Round "3.2"]
[White "Wagner, Benjamin"]
[Black "Engel, Robert"]
[Result "1/2-1/2"]
[WhiteElo "1988"]
[BlackElo "2001"]
[PlyCount "106"]
[EventDate "2017.??.??"]
[WhiteTeam "AE Magdeburg"]
[BlackTeam "Hamburger SK"]

1. e4 c6 2. d4 g6 3. Nf3 Bg7 4. Bd3 d6 5. O-O Nd7 6. Be3 Qc7 7. c4 e5 8. Nc3
Ngf6 9. h3 O-O 10. Qd2 exd4 11. Nxd4 Nc5 12. Bc2 Re8 13. f3 Nfd7 14. Rad1 Nb6
15. b3 Be6 16. Nce2 Rad8 17. Bh6 d5 18. Bxg7 Kxg7 19. Nf5+ Bxf5 20. exf5 Qe5
21. cxd5 Nxd5 22. Nd4 Qe3+ 23. Kh1 Na6 24. Be4 Qxd2 25. Rxd2 Nc3 26. fxg6 hxg6
27. Rc1 Nxe4 28. fxe4 Nc7 29. Nf3 Rxd2 30. Nxd2 Nb5 31. Kg1 Nd6 32. Re1 f5 33.
e5 Ne4 34. Nxe4 Rxe5 35. Rd1 Rxe4 36. Rd7+ Kf6 37. Rxb7 a5 38. Rb6 Re2 39.
Rxc6+ Kg5 40. a4 Rb2 41. Rb6 f4 42. Kf1 Kh5 43. Rb5+ Kh4 44. Kg1 g5 45. Kf1 Kh5
46. b4 axb4 47. a5 Ra2 48. Rxb4 Rxa5 49. Kf2 Ra2+ 50. Kf3 Ra3+ 51. Kf2 Ra2+ 52.
Kf3 Ra3+ 53. Kf2 Ra2+ 1/2-1/2

[Event "AE Magdeburg-Hamburger SK"]
[Site "Greifswald"]
[Date "2017.09.08"]
[Round "3.3"]
[White "Fuhrmann, Äke"]
[Black "Hoffmann, Lennard"]
[Result "1-0"]
[WhiteElo "1871"]
[BlackElo "1957"]
[PlyCount "81"]
[EventDate "2017.??.??"]
[WhiteTeam "Hamburger SK"]
[BlackTeam "AE Magdeburg"]

1. c4 f5 2. g3 Nf6 3. Bg2 g6 4. Nc3 Bg7 5. e3 O-O 6. Nge2 d6 7. d3 c6 8. O-O a5
9. Rb1 Nbd7 10. a3 e5 11. b4 Qe7 12. Qc2 Re8 13. b5 e4 14. bxc6 bxc6 15. dxe4
fxe4 16. Nd4 Ra6 17. a4 Nc5 18. Ba3 Bg4 19. h3 Bd7 20. Rb2 Nd3 21. Rb7 c5 22.
Ndb5 Nb4 23. Qd2 Qe5 24. Nc7 Bc6 25. Nxe8 Bxb7 26. Nxg7 Kxg7 27. Bb2 Nd3 28.
Ba1 Qe6 29. Rd1 Rb6 30. Bf1 Ne5 31. Qe2 Rb4 32. Nb5 Nxc4 33. Qa2 d5 34. Nc7 Qd7
35. Bxc4 Qxc7 36. Bxd5 Bxd5 37. Qxd5 Qf7 38. Qc6 Rb7 39. Bxf6+ Kh6 40. Qxe4 Rb4
41. Qe5 1-0

[Event "AE Magdeburg-Hamburger SK"]
[Site "Greifswald"]
[Date "2017.09.08"]
[Round "3.4"]
[White "Delgado, Robin"]
[Black "Wolfram, Tom"]
[Result "1/2-1/2"]
[WhiteElo "1685"]
[BlackElo "1788"]
[PlyCount "80"]
[EventDate "2017.??.??"]
[WhiteTeam "AE Magdeburg"]
[BlackTeam "Hamburger SK"]

1. e4 c5 2. Nc3 a6 3. f4 b5 4. Nf3 Bb7 5. d3 e6 6. Be2 d5 7. e5 b4 8. Na4 Bc6
9. b3 Bxa4 10. bxa4 Qa5 11. O-O Nh6 12. f5 Nxf5 13. Ng5 Ra7 14. Bg4 Nd4 15. Be3
Nbc6 16. Qd2 Qxa4 17. Bxd4 Nxd4 18. Qf4 Qd7 19. Rf2 h6 20. Nxf7 Rg8 21. Raf1
Nf5 22. Bxf5 Qxf7 23. Bh7 Qxf4 24. Rxf4 g5 25. Bxg8 gxf4 26. Rxf4 Re7 27. Rf6
Bg7 28. Rxe6 Rxe6 29. Bxe6 Bxe5 30. Bxd5 Ke7 31. Kf2 Kd6 32. Bc4 a5 33. h3 Bf6
34. Kf3 Ke5 35. g3 Bg5 36. g4 Bh4 37. Bb5 Be1 38. Bc4 Bh4 39. Bb3 Be1 40. Bc4
Bh4 1/2-1/2

[Event "Peiner SV-Post SV Uelzen"]
[Site "Greifswald"]
[Date "2017.09.08"]
[Round "3.1"]
[White "von Estorff, Jacob"]
[Black "Kück, Artur"]
[Result "0-1"]
[WhiteElo "1886"]
[BlackElo "1720"]
[PlyCount "56"]
[EventDate "2017.??.??"]
[WhiteTeam "Post SV Uelzen"]
[BlackTeam "Peiner SV"]

1. e4 c5 2. Nf3 a6 3. d4 cxd4 4. Nxd4 Nf6 5. Nc3 e5 6. Nb3 Bb4 7. Bd3 d5 8.
exd5 Nxd5 9. Bd2 Nxc3 10. bxc3 Be7 11. O-O Nc6 12. Qe2 Qc7 13. f4 O-O 14. f5
Bf6 15. Be4 Ne7 16. g4 h6 17. Rf3 Bd7 18. Raf1 Bb5 19. Bd3 Bc6 20. Rh3 Nd5 21.
g5 Bxg5 22. Bxg5 hxg5 23. f6 g6 24. Rh6 Qb6+ 25. Rf2 Nxf6 26. Qxe5 Qxf2+ 27.
Kxf2 Ng4+ 28. Kg3 Nxe5 0-1

[Event "Peiner SV-Post SV Uelzen"]
[Site "Greifswald"]
[Date "2017.09.08"]
[Round "3.2"]
[White "Behme, Elias"]
[Black "Knüdel, Torben"]
[Result "0-1"]
[WhiteElo "1456"]
[BlackElo "1837"]
[PlyCount "70"]
[EventDate "2017.??.??"]
[WhiteTeam "Peiner SV"]
[BlackTeam "Post SV Uelzen"]

1. c4 c5 2. Nc3 g6 3. g3 Bg7 4. Bg2 Nc6 5. e3 e6 6. Nge2 Nge7 7. d4 cxd4 8.
exd4 d5 9. cxd5 Nxd5 10. Nxd5 exd5 11. O-O O-O 12. Be3 Bg4 13. Re1 Re8 14. Qd2
Rc8 15. Nf4 Ne7 16. Rac1 Rc6 17. Qb4 Qd7 18. Rc5 Bf8 19. Qa4 Rxc5 20. Qxd7 Bxd7
21. dxc5 Bc6 22. Bd4 Rd8 23. Bf6 Re8 24. Bxe7 Rxe7 25. Rd1 Re5 26. b4 Bh6 27.
Nxd5 Ba4 28. Ra1 Bd2 29. f4 Re6 30. a3 Kg7 31. Kf2 g5 32. fxg5 Re5 33. h4 Bb3
34. Nf4 Bc3 35. Rh1 Bd4+ 0-1

[Event "Peiner SV-Post SV Uelzen"]
[Site "Greifswald"]
[Date "2017.09.08"]
[Round "3.3"]
[White "Askerov, Imamali"]
[Black "Arvis, Yekta Umut"]
[Result "1-0"]
[WhiteElo "1810"]
[BlackElo "1178"]
[PlyCount "59"]
[EventDate "2017.??.??"]
[WhiteTeam "Post SV Uelzen"]
[BlackTeam "Peiner SV"]

1. e4 e5 2. Nf3 Nf6 3. Nxe5 d6 4. Nf3 Nxe4 5. d4 Be7 6. Bd3 Nf6 7. O-O O-O 8.
Nc3 b6 9. Re1 Bb7 10. Bg5 h6 11. Bh4 Nbd7 12. a4 Re8 13. a5 a6 14. axb6 Nxb6
15. Qd2 Bxf3 16. gxf3 a5 17. Bb5 Nfd7 18. Bg3 Bf6 19. Bc6 Ra7 20. Rxe8+ Qxe8
21. Nb5 Qb8 22. Nxa7 Qxa7 23. Rxa5 Qb8 24. b3 Nf8 25. Qb4 Qc8 26. d5 Qf5 27.
Qe4 Qh5 28. Ra7 Nc8 29. Rxc7 Nb6 30. Be8 1-0

[Event "Peiner SV-Post SV Uelzen"]
[Site "Greifswald"]
[Date "2017.09.08"]
[Round "3.4"]
[White "Stein, Luis"]
[Black "Rothenberg, Jannik"]
[Result "0-1"]
[WhiteElo "1363"]
[BlackElo "1783"]
[PlyCount "68"]
[EventDate "2017.??.??"]
[WhiteTeam "Peiner SV"]
[BlackTeam "Post SV Uelzen"]

1. e4 e6 2. d3 d5 3. Nd2 Nf6 4. Ngf3 c5 5. g3 Nc6 6. Bg2 Be7 7. O-O O-O 8. Re1
Qc7 9. e5 Nd7 10. Qe2 f6 11. exf6 Nxf6 12. Nf1 Bd6 13. h4 Bd7 14. N1h2 Rae8 15.
g4 Nd4 16. Qd2 Nxf3+ 17. Nxf3 Nxg4 18. Rd1 d4 19. Qg5 e5 20. Re1 Be7 21. Qd2
Bc6 22. Qe2 h5 23. Bd2 Bxf3 24. Bxf3 Bxh4 25. Bd5+ Kh8 26. f3 Nf6 27. Be4 Bxe1
28. Rxe1 Nxe4 29. Qxe4 Qc6 30. Kf2 Qxe4 31. Rxe4 Rf5 32. f4 Ref8 33. Kg3 exf4+
34. Bxf4 h4+ 0-1

[Event "GA Rüdersdorf-SK Lehrte"]
[Site "Greifswald"]
[Date "2017.09.08"]
[Round "3.1"]
[White "Stelmaszyk, Nico"]
[Black "Buller, Ian Joshua"]
[Result "1/2-1/2"]
[WhiteElo "1912"]
[BlackElo "1807"]
[PlyCount "127"]
[EventDate "2017.??.??"]
[WhiteTeam "SK Lehrte"]
[BlackTeam "GA Rüdersdorf"]

1. e4 c5 2. c3 Nf6 3. e5 Nd5 4. d4 cxd4 5. cxd4 Nc6 6. Nf3 d6 7. Bc4 dxe5 8.
Nxe5 e6 9. O-O Be7 10. Re1 O-O 11. Nc3 Bf6 12. Nxd5 exd5 13. Bb5 Qb6 14. Bxc6
bxc6 15. Qc2 Bxe5 16. dxe5 d4 17. Bg5 Re8 18. Rac1 Be6 19. b3 Rac8 20. Qd2 c5
21. Re4 Bf5 22. Re2 h6 23. Bh4 Re6 24. Qf4 Bg6 25. Qg4 Rce8 26. f4 f5 27. Qg3
Kf7 28. Rec2 Rc8 29. Qf3 Kf8 30. Bf2 Be8 31. Bxd4 Rec6 32. Be3 Bf7 33. Qf2 Qc7
34. Rxc5 Rxc5 35. Rxc5 Qd7 36. Rxc8+ Qxc8 37. Bc5+ Ke8 38. h3 a6 39. Qd4 Qc6
40. Qd6 Qxd6 41. Bxd6 h5 42. Kf2 Kd7 43. Kg3 Bd5 44. Kh4 Bxg2 45. Kxh5 Bxh3 46.
Kg6 Ke6 47. Kxg7 Bf1 48. Kf8 Bb5 49. Kg7 Bd3 50. Kg6 Bb1 51. a3 Bc2 52. b4 Ba4
53. Kg5 Bb5 54. Kh4 Ba4 55. Kg3 Bc6 56. Kf2 Bb5 57. Ke3 Kd5 58. Be7 Ba4 59. Kd3
Bd1 60. Kc3 Ba4 61. Bf8 Bd1 62. b5 axb5 63. Kb4 Be2 64. Bc5 1/2-1/2

[Event "GA Rüdersdorf-SK Lehrte"]
[Site "Greifswald"]
[Date "2017.09.08"]
[Round "3.2"]
[White "Sperling, Niclas"]
[Black "Meiwes, Thore"]
[Result "1/2-1/2"]
[WhiteElo "1639"]
[BlackElo "1687"]
[PlyCount "90"]
[EventDate "2017.??.??"]
[WhiteTeam "GA Rüdersdorf"]
[BlackTeam "SK Lehrte"]

1. e4 e6 2. d4 d5 3. exd5 exd5 4. Bd3 Bd6 5. Nf3 Nf6 6. Bg5 O-O 7. O-O Bg4 8.
Nbd2 Nbd7 9. c3 c6 10. Qc2 Qc7 11. Bh4 Rae8 12. Rae1 Bh5 13. Bg3 Bxg3 14. hxg3
a6 15. a3 Bg6 16. Nh4 Bxd3 17. Qxd3 g6 18. Nhf3 Kg7 19. Rxe8 Rxe8 20. Re1 Qb8
21. Qb1 h5 22. Kf1 b6 23. Rxe8 Qxe8 24. Qe1 Qxe1+ 25. Kxe1 Kf8 26. Ke2 Ke7 27.
Ng5 Ne8 28. Ke3 f6 29. Nh3 g5 30. f3 Nd6 31. g4 hxg4 32. fxg4 a5 33. Nf2 a4 34.
Nd3 Kd8 35. Nb4 Kc7 36. Kd3 b5 37. Nc2 Nb6 38. Ne3 Nbc4 39. Nexc4 Nxc4 40. Nxc4
bxc4+ 41. Ke3 Kd7 42. Kf3 Ke6 43. Ke3 Kd7 44. Kf3 Kd6 45. Ke2 Ke6 1/2-1/2

[Event "GA Rüdersdorf-SK Lehrte"]
[Site "Greifswald"]
[Date "2017.09.08"]
[Round "3.3"]
[White "Reimer, Philip"]
[Black "May, Ben-Iven"]
[Result "1/2-1/2"]
[WhiteElo "1506"]
[BlackElo "1600"]
[PlyCount "47"]
[EventDate "2017.??.??"]
[WhiteTeam "SK Lehrte"]
[BlackTeam "GA Rüdersdorf"]

1. e4 c5 2. Nf3 g6 3. d4 cxd4 4. Nxd4 Bg7 5. Nc3 Nc6 6. Be3 d6 7. Bc4 Nf6 8.
Qd2 O-O 9. f3 Bd7 10. O-O-O Rc8 11. Nxc6 Rxc6 12. Bd5 Nxd5 13. Nxd5 Re8 14. h4
h5 15. Rdg1 e6 16. Nf4 Qc7 17. g4 Rc8 18. Rh2 hxg4 19. Rxg4 Ra6 20. a3 Qc4 21.
Rg1 Qa2 22. c3 Qa1+ 23. Kc2 Ba4+ 24. Kd3 1/2-1/2

[Event "GA Rüdersdorf-SK Lehrte"]
[Site "Greifswald"]
[Date "2017.09.08"]
[Round "3.4"]
[White "Eichelbaum, Georg"]
[Black "Schieble, Johannes"]
[Result "1-0"]
[WhiteElo "1341"]
[BlackElo "1379"]
[PlyCount "49"]
[EventDate "2017.??.??"]
[WhiteTeam "GA Rüdersdorf"]
[BlackTeam "SK Lehrte"]

1. e4 e5 2. Nf3 Nc6 3. Bb5 a6 4. Ba4 Nf6 5. O-O Bc5 6. Re1 d6 7. c3 b5 8. Bb3
Bg4 9. d3 Ne7 10. h3 h5 11. hxg4 hxg4 12. Ng5 O-O 13. d4 exd4 14. cxd4 Bb4 15.
Nc3 Bxc3 16. bxc3 a5 17. g3 a4 18. Bc2 Ng6 19. Kg2 Re8 20. Rh1 Qd7 21. Rh2 c6
22. Qh1 Rad8 23. e5 dxe5 24. Bxg6 Qd5+ 25. Be4 1-0

[Event "Doppelbauer Kiel-Stader SV"]
[Site "Greifswald"]
[Date "2017.09.08"]
[Round "3.1"]
[White "Bargsten, Justus"]
[Black "Arndt, Magnus"]
[Result "0-1"]
[WhiteElo "1890"]
[BlackElo "2055"]
[PlyCount "88"]
[EventDate "2017.??.??"]
[WhiteTeam "Stader SV"]
[BlackTeam "Doppelbauer Kiel"]

1. e4 e5 2. Nf3 Nc6 3. Bb5 a6 4. Ba4 Nf6 5. O-O Be7 6. d3 b5 7. Bb3 d6 8. a4 b4
9. a5 O-O 10. Nbd2 Rb8 11. Re1 Be6 12. Nc4 h6 13. c3 bxc3 14. bxc3 Nd7 15. Ba4
Bxc4 16. Bxc6 Be6 17. Be3 Nc5 18. Bxc5 dxc5 19. Rb1 Qd6 20. Ba4 Rfd8 21. Bc2
Bf6 22. Qe2 c6 23. Red1 Qc7 24. d4 Qxa5 25. dxe5 Be7 26. Qe3 Rb5 27. Rxd8+ Qxd8
28. Rd1 Qc7 29. Ra1 Qb6 30. Bd3 Ra5 31. Rb1 Qc7 32. Bf1 Ra2 33. Qd3 Ra4 34. Qc2
Ra2 35. Qd3 Ra3 36. Qd2 a5 37. Ba6 a4 38. Rb7 Ra1+ 39. Ne1 Qd8 40. Qxd8+ Bxd8
41. Kf1 Ba5 42. Ke2 Rxe1+ 43. Kxe1 Bxc3+ 44. Kd1 a3 0-1

[Event "Doppelbauer Kiel-Stader SV"]
[Site "Greifswald"]
[Date "2017.09.08"]
[Round "3.2"]
[White "Günther, Emil"]
[Black "Hammann, Moritz"]
[Result "1-0"]
[WhiteElo "1574"]
[BlackElo "1708"]
[PlyCount "109"]
[EventDate "2017.??.??"]
[WhiteTeam "Doppelbauer Kiel"]
[BlackTeam "Stader SV"]

1. c4 Nf6 2. Nf3 g6 3. g3 Bg7 4. Bg2 d6 5. O-O O-O 6. Nc3 e5 7. d4 Nbd7 8. e3
a5 9. b3 c6 10. dxe5 dxe5 11. Bb2 Re8 12. Qc2 Nc5 13. e4 Qd3 14. Ne1 Qxc2 15.
Nxc2 Be6 16. Rad1 Rad8 17. Ba3 Nfd7 18. Rd2 f5 19. Rfd1 Bf6 20. Ne1 fxe4 21.
Nxe4 Nxe4 22. Bxe4 Nb6 23. Nf3 Rxd2 24. Rxd2 Bf5 25. Bxf5 gxf5 26. Bc5 Nc8 27.
Rd7 b6 28. Bd6 b5 29. Bc7 bxc4 30. bxc4 a4 31. Ne1 e4 32. Nc2 Ne7 33. Bd8 Kf7
34. Bxe7 Bxe7 35. Ra7 Rd8 36. Ne3 Ke6 37. Nxf5 Kxf5 38. Rxe7 Rd4 39. Rxh7 Rxc4
40. Rh5+ Kf6 41. Ra5 c5 42. h4 Kf5 43. Kf1 Kg4 44. Ke2 Rc2+ 45. Ke3 Rc4 46. Ra7
Rd4 47. Rc7 Rc4 48. Rg7+ Kf5 49. Rg5+ Kf6 50. g4 Rc2 51. Rf5+ Ke6 52. h5 Rc1
53. h6 Rg1 54. h7 Rxg4 55. Rf8 1-0

[Event "Doppelbauer Kiel-Stader SV"]
[Site "Greifswald"]
[Date "2017.09.08"]
[Round "3.3"]
[White "Kowalski, Ben Wito"]
[Black "Steinbach, Julian"]
[Result "1-0"]
[WhiteElo "1602"]
[BlackElo "1343"]
[PlyCount "81"]
[EventDate "2017.??.??"]
[WhiteTeam "Stader SV"]
[BlackTeam "Doppelbauer Kiel"]

1. f4 d5 2. Nf3 Nf6 3. g3 Bf5 4. Bg2 e6 5. O-O Bd6 6. d3 O-O 7. Nh4 Bg6 8. Qe1
Nbd7 9. f5 exf5 10. Nxf5 Bxf5 11. Rxf5 c6 12. Bg5 h6 13. Bxf6 Nxf6 14. Qf1 Qb6+
15. Kh1 Ng4 16. Qf3 Ne3 17. Nd2 Nxf5 18. Qxf5 Qxb2 19. Rf1 Qxc2 20. Nf3 Qb2 21.
d4 Qb6 22. Ne5 Bxe5 23. dxe5 Qc7 24. e4 d4 25. Qh5 Qe7 26. Bh3 Qg5 27. Qf3 Qxe5
28. g4 Rad8 29. g5 Qxg5 30. Rg1 Qe3 31. Qf6 g6 32. Bf5 Qf3+ 33. Rg2 Qxg2+ 34.
Kxg2 gxf5 35. Qxh6 Rfe8 36. exf5 Re4 37. Kf3 Re3+ 38. Kf2 Re4 39. h3 f6 40.
Qxf6 d3 41. Qxd8+ 1-0

[Event "Doppelbauer Kiel-Stader SV"]
[Site "Greifswald"]
[Date "2017.09.08"]
[Round "3.4"]
[White "Jüngerich, Robin"]
[Black "Ahlf, Nico"]
[Result "0-1"]
[WhiteElo "986"]
[BlackElo "1606"]
[PlyCount "142"]
[EventDate "2017.??.??"]
[WhiteTeam "Doppelbauer Kiel"]
[BlackTeam "Stader SV"]

1. d4 d5 2. c4 e6 3. Nc3 Nf6 4. Nf3 Nbd7 5. Bf4 c6 6. h3 Bb4 7. e3 O-O 8. Bd3
Qa5 9. Qb3 dxc4 10. Bxc4 Ne4 11. Rc1 c5 12. a3 Bxc3+ 13. bxc3 cxd4 14. exd4 Nb6
15. Bd3 Nf6 16. O-O Bd7 17. Bd6 Rfc8 18. Bb4 Qd5 19. c4 Qc6 20. Ne5 Qa4 21.
Qxa4 Bxa4 22. c5 Nbd5 23. g3 g6 24. Bd2 b6 25. Ba6 Rc7 26. c6 Ne4 27. Bb4 Nxb4
28. axb4 Nd6 29. Rfe1 Re8 30. Re3 f6 31. Ng4 Kf7 32. Rf3 Kg7 33. Kg2 Rxc6 34.
Re1 Nf5 35. Ra1 b5 36. Rxa4 bxa4 37. Bb5 Rec8 38. Bxc6 Rxc6 39. Ra3 Ra6 40. Ne3
Nxd4 41. f4 Nc6 42. b5 Rb6 43. bxc6 Rxc6 44. Rxa4 a6 45. g4 f5 46. Nc4 fxg4 47.
hxg4 Kf6 48. Kf3 h6 49. Ne3 e5 50. Nd5+ Ke6 51. Rxa6 Kxd5 52. Rxc6 Kxc6 53.
fxe5 Kd7 54. Kf4 Ke7 55. g5 h5 56. Ke4 Ke6 57. Kf4 Kd5 58. e6 Kxe6 59. Ke4 h4
60. Kf3 Kf5 61. Kg2 Kxg5 62. Kh3 Kf4 63. Kxh4 g5+ 64. Kh3 Kf3 65. Kh2 g4 66.
Kg1 Kg3 67. Kh1 Kf2 68. Kh2 g3+ 69. Kh1 g2+ 70. Kh2 g1=Q+ 71. Kh3 Qg3# 0-1

[Event "Mattnetz Berlin-SC Kreuzberg"]
[Site "Greifswald"]
[Date "2017.09.08"]
[Round "3.1"]
[White "Dathe, Frederick"]
[Black "Verbitsky, Jaroslaw"]
[Result "1/2-1/2"]
[WhiteElo "1833"]
[BlackElo "1828"]
[PlyCount "69"]
[EventDate "2017.??.??"]
[WhiteTeam "SC Kreuzberg"]
[BlackTeam "Mattnetz Berlin"]

1. Nf3 d5 2. g3 Nf6 3. Bg2 g6 4. O-O Bg7 5. d3 O-O 6. Nbd2 b6 7. e4 e6 8. Qe2
Ba6 9. c4 c5 10. Rb1 Nc6 11. a3 dxc4 12. dxc4 Nd4 13. Nxd4 Qxd4 14. e5 Nd5 15.
Qe4 Bxe5 16. cxd5 Bxf1 17. Qxd4 Bxd4 18. Nxf1 exd5 19. Bxd5 Rad8 20. Bc4 Rfe8
21. Bg5 Rd6 22. Ne3 Bf6 23. Bxf6 Rxf6 24. Ng4 Rd6 25. Nh6+ Kg7 26. Nxf7 Rd4 27.
Bb3 b5 28. Ng5 c4 29. Nf3 Rd5 30. Bd1 a5 31. Kf1 a4 32. Be2 Kf6 33. Rd1 Red8
34. Re1 g5 35. g4 1/2-1/2

[Event "Mattnetz Berlin-SC Kreuzberg"]
[Site "Greifswald"]
[Date "2017.09.08"]
[Round "3.2"]
[White "Petersen, Marcel"]
[Black "Rose, Luis Stratos"]
[Result "1-0"]
[WhiteElo "1608"]
[BlackElo "1703"]
[PlyCount "109"]
[EventDate "2017.??.??"]
[WhiteTeam "Mattnetz Berlin"]
[BlackTeam "SC Kreuzberg"]

1. d4 g6 2. e3 Bg7 3. c4 d6 4. Nc3 Nf6 5. Be2 O-O 6. f4 Nbd7 7. Nf3 c6 8. e4 e5
9. fxe5 dxe5 10. d5 Nc5 11. Qc2 a5 12. Be3 Nfd7 13. Rd1 Qe8 14. Na4 Nxa4 15.
Qxa4 f5 16. dxc6 bxc6 17. Qxc6 Rb8 18. b3 fxe4 19. Qxe4 Bb7 20. Qc2 Nf6 21. O-O
Qc6 22. h3 Nh5 23. Rd5 Ng3 24. Rfd1 Qe6 25. Rd6 Nxe2+ 26. Qxe2 Bxf3 27. gxf3
Qxh3 28. Rf1 Rf7 29. Qg2 Qh4 30. Qg4 Qxg4+ 31. fxg4 Rxf1+ 32. Kxf1 a4 33. bxa4
Ra8 34. c5 Bf8 35. Rd7 Rc8 36. Rd5 e4 37. a5 Kf7 38. Re5 Kf6 39. Bd4 Kf7 40.
Ke2 Bg7 41. Rxe4 Bxd4 42. Rxd4 Rxc5 43. Ra4 Rc7 44. a6 Ra7 45. Kd3 h5 46. gxh5
gxh5 47. Kd4 h4 48. Kc5 Ra8 49. Kb6 Rh8 50. a7 h3 51. Rf4+ Ke7 52. Rf2 h2 53.
Rxh2 Rxh2 54. a8=Q Rb2+ 55. Kc5 1-0

[Event "Mattnetz Berlin-SC Kreuzberg"]
[Site "Greifswald"]
[Date "2017.09.08"]
[Round "3.4"]
[White "Karge, Ole Jannes"]
[Black "Hecht, Jonas Christian"]
[Result "1-0"]
[WhiteElo "1349"]
[BlackElo "1567"]
[PlyCount "53"]
[EventDate "2017.??.??"]
[WhiteTeam "Mattnetz Berlin"]
[BlackTeam "SC Kreuzberg"]

1. e4 e5 2. Nf3 d6 3. d4 exd4 4. Nxd4 Nf6 5. Nc3 Be7 6. Bc4 O-O 7. O-O Nc6 8.
Nf3 Bg4 9. h3 Bh5 10. Re1 Re8 11. Bf4 Bg6 12. e5 dxe5 13. Nxe5 Nxe5 14. Bxe5
Bd6 15. Bxd6 Rxe1+ 16. Qxe1 Qxd6 17. Rd1 Qf4 18. Bb3 Bh5 19. Rd3 h6 20. Qe3 Qf5
21. g4 Qg6 22. Qg3 Nxg4 23. hxg4 Bxg4 24. Rd7 Kh8 25. Rxf7 Re8 26. f3 Re1+ 27.
Kf2 1-0

[Event "USV Halle-Lübecker SV"]
[Site "Greifswald"]
[Date "2017.09.08"]
[Round "3.1"]
[White "Nassat, Vitus"]
[Black "Perekhozhuk, Maksym"]
[Result "0-1"]
[WhiteElo "1685"]
[BlackElo "1922"]
[PlyCount "134"]
[EventDate "2017.??.??"]
[WhiteTeam "Lübecker SV"]
[BlackTeam "USV Halle"]

1. e4 c5 2. Nf3 d6 3. d4 cxd4 4. Nxd4 Nf6 5. Nc3 g6 6. f3 Bg7 7. Be3 O-O 8. Qd2
Nc6 9. Be2 Nd7 10. O-O Nb6 11. Nd5 Nxd5 12. exd5 Ne5 13. Rac1 Re8 14. c4 Nd7
15. b4 Nf6 16. Rfd1 Bd7 17. Nb3 b6 18. c5 bxc5 19. bxc5 Ba4 20. Qb4 Bxb3 21.
axb3 dxc5 22. Qxc5 a6 23. b4 Nd7 24. Qc7 Be5 25. Qc6 Bd6 26. Qa4 a5 27. bxa5
Rxa5 28. Qc2 Bc5 29. Bxc5 Rxc5 30. Qd3 Rxc1 31. Rxc1 Nf6 32. Rd1 Qb6+ 33. Qd4
Nxd5 34. Kf2 Qxd4+ 35. Rxd4 e6 36. Bc4 Nf6 37. Ke3 Ra8 38. Rd2 Kg7 39. g3 Ra3+
40. Kf2 Rc3 41. Bd3 Nd5 42. Be4 Nb6 43. h4 Nc4 44. Re2 Nd6 45. Bb1 Nb5 46. Rd2
Kf6 47. h5 Rc1 48. Bd3 Nc7 49. hxg6 hxg6 50. Be4 Ke7 51. Ke3 f5 52. Bb7 Kf6 53.
Rd3 Rb1 54. Bc6 Rb6 55. Rc3 Ke5 56. Rc2 Kd6 57. Ba4 Ra6 58. Rc4 Nd5+ 59. Kd3 e5
60. Bb5 Ra3+ 61. Kd2 Rxf3 62. Rc6+ Ke7 63. Rxg6 e4 64. Bc4 Ne3 65. Rg7+ Kf6 66.
Be2 Kxg7 67. Bxf3 Nc4+ 0-1

[Event "USV Halle-Lübecker SV"]
[Site "Greifswald"]
[Date "2017.09.08"]
[Round "3.2"]
[White "Paskalev, Vasil"]
[Black "Mundt, Alexandra"]
[Result "1-0"]
[WhiteElo "1749"]
[BlackElo "1573"]
[PlyCount "73"]
[EventDate "2017.??.??"]
[WhiteTeam "USV Halle"]
[BlackTeam "Lübecker SV"]

1. e4 c6 2. Nc3 g6 3. d4 Bg7 4. Be3 d6 5. Be2 Nd7 6. Nf3 Qc7 7. O-O e5 8. Qd2
Ne7 9. Bh6 O-O 10. Rad1 Nb6 11. Bxg7 Kxg7 12. dxe5 dxe5 13. Qd6 Qxd6 14. Rxd6
f6 15. h3 Kf7 16. Rfd1 Be6 17. b3 g5 18. a4 a5 19. Nh2 Ng6 20. Bg4 Bxg4 21.
Nxg4 Kg7 22. Ne3 Ne7 23. Ne2 f5 24. exf5 Nxf5 25. Nxf5+ Rxf5 26. Ng3 Rf7 27. c4
Raf8 28. Ne4 h6 29. f3 Re7 30. Kf2 Rff7 31. g4 Nc8 32. Rd8 Rf8 33. Ng3 Ref7 34.
Nf5+ Kh7 35. Rxf8 Rxf8 36. Rd7+ Kg6 37. Rxb7 1-0

[Event "USV Halle-Lübecker SV"]
[Site "Greifswald"]
[Date "2017.09.08"]
[Round "3.3"]
[White "Schnell, Fabian"]
[Black "Schulemann, Gero"]
[Result "1-0"]
[WhiteElo "1225"]
[BlackElo "1684"]
[PlyCount "83"]
[EventDate "2017.??.??"]
[WhiteTeam "Lübecker SV"]
[BlackTeam "USV Halle"]

1. e4 e5 2. Nf3 Nc6 3. Bc4 Nf6 4. d3 Bc5 5. c3 d6 6. Bb3 a6 7. Nbd2 Be6 8. Bc2
Ng4 9. O-O Bxf2+ 10. Rxf2 Ne3 11. Qe2 Nxc2 12. Rb1 Bxa2 13. b3 Bxb1 14. Nxb1
N2b4 15. cxb4 Nxb4 16. Bd2 Nc6 17. Nc3 b5 18. Nd5 Ne7 19. Ne3 Ng6 20. Nf5 Rg8
21. Ng5 Nf4 22. Bxf4 exf4 23. Qh5 g6 24. Qxh7 Rf8 25. Ng7+ Kd7 26. N7e6 Qf6 27.
Nxf8+ Rxf8 28. Qh4 Rh8 29. Qxf4 Qa1+ 30. Rf1 Qd4+ 31. Qf2 Qxd3 32. Qxf7+ Kc8
33. Qe6+ Kb8 34. Nh3 Qe3+ 35. Nf2 Qh6 36. h3 Qg5 37. Qd7 Rf8 38. Qc6 Rf3 39.
Rc1 Rf7 40. Qe8+ Kb7 41. Rc2 Rf4 42. Qc6+ 1-0

[Event "USV Halle-Lübecker SV"]
[Site "Greifswald"]
[Date "2017.09.08"]
[Round "3.4"]
[White "Petrick, Valentin"]
[Black "Rasmussen, Luca-Tom"]
[Result "1-0"]
[WhiteElo "1369"]
[BlackElo "1183"]
[PlyCount "99"]
[EventDate "2017.??.??"]
[WhiteTeam "USV Halle"]
[BlackTeam "Lübecker SV"]

1. e4 d5 2. exd5 Qxd5 3. Nc3 Qa5 4. d4 c6 5. Nf3 Bf5 6. Bd3 Bxd3 7. Qxd3 e6 8.
Bf4 Nf6 9. O-O Nbd7 10. Rfe1 Nd5 11. Nxd5 Qxd5 12. Ne5 Nxe5 13. Bxe5 Rc8 14. c4
Qd7 15. d5 cxd5 16. cxd5 f6 17. Bxf6 gxf6 18. Rxe6+ Be7 19. Rae1 Kf7 20. Rxe7+
Qxe7 21. Rxe7+ Kxe7 22. f4 Rcd8 23. Qa3+ Kf7 24. Qxa7 Rd7 25. Kf2 Kg6 26. Qd4
h5 27. Qe4+ Kg7 28. Qf5 Rdd8 29. h3 b6 30. g3 Ra8 31. a3 Rab8 32. d6 b5 33. Qd5
b4 34. a4 Ra8 35. d7 Rad8 36. a5 Kh6 37. a6 Rh7 38. a7 Rhxd7 39. Qxd7 Rxd7 40.
a8=Q Rd2+ 41. Kf3 Rxb2 42. f5 Kg7 43. Qb7+ Kh6 44. h4 Rb3+ 45. Kf4 Rb1 46. Qc8
Rf1+ 47. Ke3 Re1+ 48. Kd2 Re7 49. Qh8+ Rh7 50. Qxf6# 1-0

[Event "Delmenhorster SK-Eintracht Berlin"]
[Site "Greifswald"]
[Date "2017.09.08"]
[Round "3.1"]
[White "Zappe, Florian"]
[Black "Silber, Kevin"]
[Result "1/2-1/2"]
[WhiteElo "1699"]
[BlackElo "1993"]
[PlyCount "85"]
[EventDate "2017.??.??"]
[WhiteTeam "Eintracht Berlin"]
[BlackTeam "Delmenhorster SK"]

1. d4 d5 2. Nf3 Nf6 3. e3 e6 4. Bd3 c5 5. c3 Nc6 6. O-O Bd6 7. Nbd2 O-O 8. Re1
cxd4 9. Nxd4 Ne5 10. Be2 a6 11. N4f3 Ng6 12. Bd3 b5 13. e4 Qc7 14. exd5 exd5
15. Nf1 Nf4 16. Bxf4 Bxf4 17. g3 Bd6 18. Ne3 Bb7 19. Nf5 Rfe8 20. Qc2 Bf8 21.
N5d4 g6 22. Re2 Rxe2 23. Nxe2 Bg7 24. Ned4 Re8 25. Re1 Rxe1+ 26. Nxe1 Ne4 27.
Nef3 Nc5 28. Bf1 Qe7 29. Bd3 Nxd3 30. Qxd3 Qe4 31. Qe2 h6 32. Nd2 Qxe2 33. Nxe2
Bc8 34. Nd4 Kf8 35. N2b3 Ke7 36. Nc6+ Kd6 37. Nb4 Bf6 38. Kf1 Bd8 39. Nd4 Bb6
40. Nbc2 Bd7 41. a3 Bd8 42. Ke2 Bg5 43. Ne3 1/2-1/2